000
00321nam a22001337a 4500
008
190227b xxu||||| |||| 00| 0 eng d
020
_a
08898529
041
_a
eng
080
_a
618
100
_a
10
101
_a
GJIN
245
_a
Endocrinology and Metabolism Clinics of North America
_c
Dluhy,R.G
942
_2
udc
_c
BK
999
_c
54344
_d
54344